000 00588nam a22002177a 4500
003 OSt
005 20160516143545.0
008 160516b xxu||||| |||| 00| 0 eng d
020 _a9780415493895
040 _cDNLM
082 _aWA525 M64m 2010
100 _aMartin, Vivien; Charlesworth, Julie
_98815
245 _aManaging in Health and Social Care
250 _a2nd ed.
260 _aLondon; Routledge, 2010
300 _axiii,365p; ill: 25cm
504 _aReferences, & index included
650 _aHealth Care
_912
650 _aHealth management
_98816
942 _2z
_cO_SHELF
999 _c4049
_d4049